Lectures on linear algebra /

Guardado en:
Autor Principal: Gel´fand, I. M.
Formato: Libro
Idioma:English
Russian
Publicado: New York : Interscience Publishers, c1961.
Series:Interscience tracts in pure and applied mathematics ; no. 9.
Etiquetas: Agregar Etiqueta
Sin Etiquetas, Sea el primero en etiquetar este registro!
LEADER 00726nam a22001815a 4500
001 MAT.inmabb000234
008 840918s1961####nyu###########000#0#eng##
005 20130307103940.0
245 1 0 |a Lectures on linear algebra /  |c I.M. Gel'fand ; translated from the rev. 2nd Russian ed. by A. Shenitzer. 
260 |a New York :  |b Interscience Publishers,  |c c1961. 
300 |a ix, 185 p. ;  |c 24 cm. 
490 1 |a Interscience tracts in pure and applied mathematics ;  |v no. 9 
100 1 |a Gel´fand, I. M.  |q (Izrail´ Moiseevich) 
240 1 0 |a Lektsii po lineinoi algebre.  |l Inglés 
830 0 |a Interscience tracts in pure and applied mathematics ;  |v no. 9. 
084 |a 15-01  |2 msc2000 
041 1 |a eng  |h rus 
859 |h 15  |i G316  |p A-7962  |b BIB. MATEMATICA